00754nam a2200181 a 450000100100000000500170001000800410002704000250006808200150009311000500010824500750015826000590023330000280029204900090032095201130032995201130044299900170055500002948020200930055600.0110415s2008 dr a 000 0 spa d aDO-SdBNPbspacBNPHU axxxbR426o1 aSecretaría de Estado de Educación.91275910aInforme gestión 2004-2008 :bOficina de cooperacón Internacional/. aSanto Domingo :bGestión Educativo 2004-2008,c2008. a139 p. :bil. ;c25 cm. aBNPD 0010718PDaPDbPDcCTd2011-04-15iLF1l0oxxx R426op29480-10r2020-06-25w2020-06-25yLFPDZNo se presta 0010718PDaPDbPDcCTd2011-04-15iLF1l0oxxx R426op29480-20r2020-06-25w2020-06-25yLFPDZNo se presta c28972d28972